Team work is individual skill (Record no. 48707)
[ view plain ]
| 000 -LEADER | |
|---|---|
| fixed length control field | 00395nam a2200157Ia 4500 |
| 008 - FIXED-LENGTH DATA ELEMENTS--GENERAL INFORMATION | |
| fixed length control field | 220805s9999 xx 000 0 und d |
| 020 ## - INTERNATIONAL STANDARD BOOK NUMBER | |
| International Standard Book Number | 978-81-7809-163-1 |
| 041 ## - LANGUAGE CODE | |
| Language code of text/sound track or separate title | eng |
| 082 ## - DEWEY DECIMAL CLASSIFICATION NUMBER | |
| Classification number | 153.932 |
| 100 ## - MAIN ENTRY--PERSONAL NAME | |
| Personal name | Avery,Christopher B. |
| 9 (RLIN) | 88507 |
| 260 ## - PUBLICATION, DISTRIBUTION, ETC. (IMPRINT) | |
| Place of publication, distribution, etc. | Mumbai |
| Name of publisher, distributor, etc. | Magna pub. |
| Date of publication, distribution, etc. | 2003 |
| 245 ## - TITLE STATEMENT | |
| Title | Team work is individual skill |
| 250 ## - EDITION STATEMENT | |
| Edition statement | 1 |
| 300 ## - PHYSICAL DESCRIPTION | |
| Extent | 192 |
| 650 ## - SUBJECT ADDED ENTRY--TOPICAL TERM | |
| Topical term or geographic name as entry element | Human psychology |
| 9 (RLIN) | 88508 |
| Withdrawn status | Lost status | Damaged status | Not for loan | Collection code | Home library | Current library | Date acquired | Vendor | Cost, normal purchase price | Full call number | Barcode | Date last seen | Bill Date | Koha item type | Original Barcode |
|---|---|---|---|---|---|---|---|---|---|---|---|---|---|---|---|
| Manilal Nanavati Vocational Training Institute Pune | Manilal Nanavati Vocational Training Institute Pune | 09/08/2022 | Donated | 175.00 | 153.932/AVE/DB1338 | MNVT-DB-1338 | 09/08/2022 | 09/08/2022 | Donated Book | DB1338 |